000 00544nam a22001697a 4500
999 _c193946
_d193946
005 20221220121018.0
010 _aE.N.A./7.11.22
020 _a9789356060135
_c1139.00
037 _bPearson
100 _aStroustrup, Bjarne
245 _aThe C++ Programming Language/
_cBjarne Stroustrup
250 _a4th Edition
260 _aNoida
_bPearson India Education
_c2022
270 _a15th floor, Tower- B, World Trade Tower, plot No.1, Block -C, Sector-16, Noida,
_bUttar Pradesh
_e201301
300 _a1345p.
_c24cm(pbk)
942 _2ddc
_cEN
_mSTR